|
|
|
|
| LEADER |
00000nkm a2200000 a 4500 |
| 001 |
vtls011774960 |
| 003 |
SK-MaSNL |
| 005 |
20260512130436.0 |
| 007 |
kp bo |
| 008 |
240131s1962 xo g kuslo |
| 015 |
|
|
|a SNBG1962
|
| 035 |
|
|
|a urn:nbn:sk:snk-km00doxt
|
| 035 |
|
|
|a urn:nbn:sk:snk-km3lycx
|
| 035 |
|
|
|a 774BA846-284C-487B-847B-52DDFEF6B07E
|
| 040 |
|
|
|a SNK
|b slo
|c SNK
|e AACR2
|
| 041 |
0 |
|
|a slo
|
| 043 |
|
|
|a e-xo---
|
| 044 |
|
|
|a xo
|c SK
|
| 072 |
|
7 |
|a 913
|x Regionálna geografia
|2 konspekt
|
| 080 |
|
|
|a 913(437.6)
|2 2011
|
| 080 |
|
|
|a 728.5(23)
|2 2011
|
| 080 |
|
|
|a (084.121)
|2 2011
|
| 100 |
1 |
|
|a Hajduch, Ján,
|d 1906-1972
|4 pht
|9 98286
|
| 245 |
1 |
0 |
|a Turzovka - Biely kríž
|h grafika
|b Hotel Kysuca
|c Foto Hajduch
|
| 260 |
|
|
|a [Bratislava]
|b VPL
|c 1962
|
| 300 |
|
|
|a 1 pohľadnica
|b čiernobiela
|c 11 x 15 cm
|
| 520 |
8 |
|
|a Zobrazenie: Pohľad na horský Hotel Kysuca zľava od kopca z bočnej strany hotela. Vpravo pred hotelom vidno päť vysokých stromov. Vľavo za hotelom strecha vedľajšej budovy. Pred vchodom zboku hotela zaparkované auto a vedľa neho jedna osoba. Pred hlavným vchodom pod stromami zaparkovaný iný automobil a niekoľko ľudí vedľa neho
|
| 650 |
0 |
7 |
|a horské hotely
|2 SNKPH
|9 116868
|
| 651 |
|
7 |
|a Biely Kríž (Česko a Slovensko : rekreačná oblasť)
|2 SNKPHgeo
|9 219328
|
| 651 |
|
7 |
|a Turzovka (Slovensko)
|2 SNKPHgeo
|9 70170
|
| 655 |
|
7 |
|a miestne pohľadnice
|2 SNKPH
|9 70510
|
| 852 |
|
|
|a Slovenská národná knižnica
|
| 958 |
|
|
|a GBN
|
| 958 |
|
|
|a GC
|
| 958 |
|
|
|a OND
|
| 958 |
|
|
|a EUIPO
|
| 999 |
|
|
|c 1200477
|d 1202407
|
| 952 |
|
|
|a SNK
|b SNK
|y PREZ
|7 0
|p 17A1298256
|o snkSP 133984
|0 0
|1 0
|4 0
|d 2018-08-28
|f 1
|l 0
|r 2026-02-24 22:40:31
|w 2026-02-24
|